[Event "9eme Open International de La Fere"]
[Site "La Fere (FRA)"]
[Date "2010.07.09"]
[Round "8.4"]
[White "Demanghon, Jonathan"]
[Black "Colin, Vincent"]
[Result "0-1"]
[WhiteElo "2183"]
[BlackElo "2425"]
[PlyCount "100"]
[EventDate "2010.??.??"]

1. d4 d5 2. c4 c6 3. Nf3 Nf6 4. e3 Bf5 5. Nc3 e6 6. Nh4 Be4 7. f3 Bg6 8. Qb3
Qc7 9. Bd2 Be7 10. Nxg6 hxg6 11. O-O-O dxc4 12. Bxc4 Nbd7 13. g3 a6 14. e4 b5
15. Be2 c5 16. e5 cxd4 17. exf6 gxf6 18. Kb1 dxc3 19. Bxc3 Nc5 20. Qc2 Na4 21.
Rc1 Nxc3+ 22. Qxc3 Qxc3 23. Rxc3 Bd6 24. f4 Ke7 25. Bf3 Rac8 26. Rd3 g5 27.
fxg5 fxg5 28. g4 Bf4 29. b3 Rh3 30. Be4 Rxd3 31. Bxd3 Rc3 32. Be4 Re3 33. Bb7
a5 34. h4 gxh4 35. Rxh4 Re1+ 36. Kc2 Re2+ 37. Kb1 b4 38. Rh1 Be5 39. Rh5 Kf6
40. Rh1 Rb2+ 41. Kc1 Rxa2 42. Be4 Re2 43. Bd3 Rg2 44. Rh6+ Ke7 45. Rh4 Kd6 46.
Rh7 a4 47. bxa4 f6 48. Rb7 Kc5 49. a5 Kd4 50. Bc2 Kc3 0-1

[Event "9eme Open International de La Fere"]
[Site "La Fere (FRA)"]
[Date "2010.07.09"]
[Round "8.5"]
[White "Laurent, Bruno"]
[Black "Feryn, Alexandre"]
[Result "0-1"]
[WhiteElo "2336"]
[BlackElo "2075"]
[PlyCount "67"]
[EventDate "2010.??.??"]

1. e4 c5 2. Nf3 e6 3. c3 Nf6 4. e5 Nd5 5. d4 cxd4 6. cxd4 d6 7. Bc4 Nb6 8. Bd3
Bd7 9. Nc3 Bc6 10. O-O N8d7 11. Re1 dxe5 12. Nxe5 Nxe5 13. dxe5 a6 14. Bf4 Be7
15. Qc2 Bg5 16. Be3 Rc8 17. Rad1 Bxe3 18. Rxe3 Qg5 19. Be4 Nc4 20. Bxc6+ Rxc6
21. Re4 O-O 22. Qe2 Rfc8 23. h4 Qe7 24. Rd3 b5 25. Rg3 b4 26. Nd1 Rc5 27. b3
Nb6 28. Ne3 Rc1+ 29. Kh2 a5 30. Reg4 g6 31. h5 Kg7 32. Qd3 Rh8 33. h6+ Kxh6 34.
Qd2 0-1

[Event "9eme Open International de La Fere"]
[Site "La Fere (FRA)"]
[Date "2010.07.09"]
[Round "8.8"]
[White "Pytel, Krzysztof"]
[Black "Mestdagh, Franck"]
[Result "1-0"]
[WhiteElo "2360"]
[BlackElo "1944"]
[PlyCount "47"]
[EventDate "2010.??.??"]

1. d4 c5 2. c3 e6 3. Nf3 b6 4. e4 Nf6 5. Bg5 Qc7 6. Nbd2 Bb7 7. Bd3 d6 8. O-O
Nbd7 9. Re1 h6 10. Bh4 g5 11. Bg3 Nh5 12. d5 Nxg3 13. hxg3 Bg7 14. Qb3 O-O-O
15. a4 Ne5 16. Nxe5 dxe5 17. a5 exd5 18. axb6 Qxb6 19. Qc2 Kb8 20. exd5 Bxd5
21. Nc4 Bxc4 22. Bxc4 f5 23. Ra3 f4 24. Rb3 1-0

[Event "9eme Open International de La Fere"]
[Site "La Fere (FRA)"]
[Date "2010.07.09"]
[Round "8.9"]
[White "Rigolot, Lucie"]
[Black "Pisk, Petr"]
[Result "0-1"]
[WhiteElo "1902"]
[BlackElo "2337"]
[PlyCount "128"]
[EventDate "2010.??.??"]

1. e4 c5 2. Nf3 d6 3. d4 cxd4 4. Nxd4 Nf6 5. Nc3 g6 6. Be3 Bg7 7. f3 O-O 8. Qd2
Nc6 9. g4 Qa5 10. O-O-O Bd7 11. Nb3 Qc7 12. g5 Nh5 13. Nd5 Qd8 14. Be2 e5 15.
Kb1 Be6 16. Nb4 Nf4 17. Nxc6 bxc6 18. Bxf4 exf4 19. Qxf4 d5 20. exd5 cxd5 21.
h4 a5 22. a4 Rb8 23. h5 Rb4 24. Qd2 Qc7 25. hxg6 hxg6 26. f4 Rxf4 27. Bb5 Bf5
28. Qh2 Rc8 29. Bd3 Bxd3 30. Rxd3 Rf1+ 31. Ka2 Rxh1 32. Qxh1 Qxc2 33. Rd2 Qc4
34. Qxd5 Qxa4+ 35. Kb1 Qb4 36. Nxa5 Re8 37. Nc4 Qb3 38. Rd1 Re2 39. Qd8+ Bf8
40. Qd3 Qxd3+ 41. Rxd3 Rg2 42. Ne3 Rxg5 43. Nd5 Rg1+ 44. Kc2 Rg2+ 45. Rd2 Rxd2+
46. Kxd2 f5 47. Ke3 Kf7 48. b4 Bd6 49. b5 Ke6 50. Nc3 g5 51. Kf3 g4+ 52. Kg2
Be5 53. Nb1 f4 54. Nd2 Bd4 55. Kh2 Kd5 56. Kg2 Bb6 57. Nf1 Ke4 58. Nd2+ Kd5 59.
Nf1 Ke5 60. Nd2 Kf5 61. Nc4 f3+ 62. Kf1 Bc5 63. b6 g3 64. b7 g2+ 0-1

[Event "9eme Open International de La Fere"]
[Site "La Fere (FRA)"]
[Date "2010.07.09"]
[Round "8.10"]
[White "Henris, Luc"]
[Black "Sivertsen, Aage"]
[Result "1-0"]
[WhiteElo "2213"]
[BlackElo "1876"]
[PlyCount "61"]
[EventDate "2010.??.??"]

1. e4 d5 2. exd5 Nf6 3. d4 Nxd5 4. Nf3 g6 5. Be2 Bg7 6. O-O O-O 7. c4 Nb6 8.
Nc3 c6 9. h3 Bf5 10. Bf4 Na6 11. Qd2 Re8 12. Bh6 Bh8 13. Rad1 Nc7 14. Rfe1 f6
15. Qe3 Be6 16. d5 cxd5 17. cxd5 Bf7 18. d6 exd6 19. Qd2 d5 20. Nd4 Nc4 21. Qc1
Ne5 22. Ndb5 Nxb5 23. Bxb5 Nc6 24. Rxe8+ Qxe8 25. Nxd5 Qd8 26. Bxc6 bxc6 27.
Qxc6 Rb8 28. b3 Rb6 29. Nxf6+ Bxf6 30. Rxd8+ Bxd8 31. Qd7 1-0

[Event "9eme Open International de La Fere"]
[Site "La Fere (FRA)"]
[Date "2010.07.09"]
[Round "8.11"]
[White "Defrance, Laurent"]
[Black "Dumas, Victor"]
[Result "1-0"]
[WhiteElo "2190"]
[BlackElo "1865"]
[PlyCount "55"]
[EventDate "2010.??.??"]

1. d4 d5 2. Nf3 e6 3. c4 dxc4 4. e3 a6 5. Bxc4 b5 6. Bb3 Bb7 7. O-O Nf6 8. Qe2
Nc6 9. Rd1 Na5 10. Bc2 Be7 11. Nc3 c6 12. e4 Qc7 13. Bg5 c5 14. d5 exd5 15. e5
Ng8 16. Nxd5 Bxd5 17. Rxd5 Bxg5 18. Nxg5 h6 19. Ne4 Nb7 20. Nd6+ Kf8 21. Nxb7
Qxb7 22. Rad1 Re8 23. Rxc5 Nf6 24. Qd3 Qe7 25. b4 Ng4 26. f4 g5 27. h3 gxf4 28.
hxg4 1-0

[Event "9eme Open International de La Fere"]
[Site "La Fere (FRA)"]
[Date "2010.07.09"]
[Round "8.12"]
[White "Boudier, Eric"]
[Black "Mataigne, Jean-Michel"]
[Result "0-1"]
[WhiteElo "1862"]
[BlackElo "2054"]
[PlyCount "77"]
[EventDate "2010.??.??"]

1. Nc3 g6 2. e4 d6 3. f4 Bg7 4. Nf3 c5 5. Bc4 Nc6 6. d3 Nf6 7. f5 gxf5 8. O-O
fxe4 9. dxe4 O-O 10. Qe1 Be6 11. Bxe6 fxe6 12. Ng5 Qd7 13. Be3 h6 14. Nf3 Ng4
15. Bd2 Qe8 16. Qg3 Qh5 17. h3 Nge5 18. Nh4 Kh7 19. Bf4 Bf6 20. Nf3 Rg8 21. Qf2
Rg7 22. Bg3 Nxf3+ 23. Qxf3 Qxf3 24. Rxf3 Nd4 25. Rxf6 exf6 26. Bxd6 Nxc2 27.
Rf1 Ne3 28. Rxf6 Rxg2+ 29. Kh1 Rag8 30. Rf7+ R8g7 31. Rxg7+ Rxg7 32. Bxc5 Nc4
33. b3 Nb6 34. Ne2 Rc7 35. Bd6 Rc2 36. Nd4 Rd2 37. Nb5 a6 38. Bf4 Rd1+ 39. Kg2
0-1

[Event "9eme Open International de La Fere"]
[Site "La Fere (FRA)"]
[Date "2010.07.09"]
[Round "8.13"]
[White "Rouffignac, Tanguy"]
[Black "Feryn, Benjamin"]
[Result "0-1"]
[WhiteElo "1891"]
[BlackElo "2034"]
[PlyCount "62"]
[EventDate "2010.??.??"]

1. e4 e5 2. Nf3 Nc6 3. Bc4 Bc5 4. O-O Nf6 5. d4 Bxd4 6. Nxd4 Nxd4 7. Bg5 h6 8.
Bh4 g5 9. f4 d5 10. exd5 Nxd5 11. fxe5 gxh4 12. Qxd4 Be6 13. Nc3 Nb6 14. Qxd8+
Rxd8 15. Bxe6 fxe6 16. b3 Nd5 17. Ne4 Ke7 18. Rf3 Rhf8 19. c4 Rxf3 20. gxf3 Nf4
21. Nf2 Nd3 22. Nxd3 Rxd3 23. Rf1 Kf7 24. Kg2 Kg6 25. Rf2 Kf5 26. f4 h3+ 27.
Kf1 Rd4 28. Ke1 Re4+ 29. Kd1 Rxf4 30. Rd2 Kxe5 31. Rd3 Rd4 0-1

[Event "9eme Open International de La Fere"]
[Site "La Fere (FRA)"]
[Date "2010.07.09"]
[Round "8.14"]
[White "Derigny, Philippe"]
[Black "Molet, Asher"]
[Result "0-1"]
[WhiteElo "1986"]
[BlackElo "1830"]
[PlyCount "142"]
[EventDate "2010.??.??"]

1. e4 c5 2. c3 d5 3. exd5 Qxd5 4. d4 cxd4 5. cxd4 Nc6 6. Nf3 e5 7. Nc3 Bb4 8.
Bd2 Bxc3 9. Bxc3 e4 10. Ne5 Nxe5 11. dxe5 Ne7 12. Qxd5 Nxd5 13. Bb5+ Bd7 14.
Bxd7+ Kxd7 15. Rd1 Ke6 16. Bd4 Rhd8 17. O-O Nf4 18. Rfe1 Kf5 19. f3 exf3 20.
gxf3 Rd5 21. Bc3 Ne2+ 22. Kf2 Nxc3 23. bxc3 Rad8 24. Rb1 b6 25. e6 fxe6 26. Kg3
e5 27. Rb4 R8d6 28. Rbe4 Rg6+ 29. Rg4 Rc5 30. Re3 Ra5 31. Re2 h5 32. Rxg6 Kxg6
33. Rd2 Kh6 34. h4 Ra3 35. Re2 Ra5 36. c4 Rc5 37. Re4 g5 38. Kh3 Kg6 39. Kg3
Kf5 40. hxg5 Kxg5 41. f4+ exf4+ 42. Rxf4 Ra5 43. Rf2 Ra3+ 44. Kh2 Rc3 45. Rd2
Rxc4 46. Kg3 Rc3+ 47. Kg2 Kf4 48. Rd4+ Ke3 49. Ra4 Rc7 50. Kg3 Rg7+ 51. Kh3 Kd3
52. Ra3+ Kc4 53. Kh4 Kb4 54. Rf3 Rg2 55. a3+ Ka4 56. Kxh5 Rb2 57. Kg5 Rb3 58.
Rf2 Kxa3 59. Kf4 a5 60. Ke4 Kb4 61. Kd4 a4 62. Rf6 b5 63. Rf4 Rc3 64. Rf5 Rc4+
65. Kd3 a3 66. Rf1 a2 67. Ra1 Kb3 68. Re1 Rc3+ 69. Kd4 Rc2 70. Kd3 Rc8 71. Re5
Rd8+ 0-1

[Event "9eme Open International de La Fere"]
[Site "La Fere (FRA)"]
[Date "2010.07.09"]
[Round "8.15"]
[White "Deneuville, Ludovic"]
[Black "Navel, Jean-Yves"]
[Result "1-0"]
[WhiteElo "1968"]
[BlackElo "1776"]
[PlyCount "95"]
[EventDate "2010.??.??"]

1. e4 c5 2. Nc3 Nc6 3. f4 g6 4. Nf3 Bg7 5. Bc4 e6 6. O-O Nge7 7. Qe1 O-O 8. a3
d5 9. Ba2 a6 10. e5 Nf5 11. Ne2 Qb6 12. g4 Nfe7 13. d4 cxd4 14. Qf2 Qa7 15.
Nexd4 Nxd4 16. Nxd4 Bd7 17. Be3 Qb8 18. Rae1 Qc7 19. Qh4 Nc6 20. c3 Nxd4 21.
Bxd4 h6 22. Bb1 Qd8 23. Qg3 Rc8 24. Rf2 Kh8 25. h4 Rg8 26. h5 Bf8 27. hxg6 fxg6
28. Rh2 Qe8 29. Qh4 Qf7 30. Qf6+ Qxf6 31. exf6 Kh7 32. g5 Rc6 33. f7 Rh8 34.
Bxh8 Kxh8 35. Bxg6 Rc8 36. Rxh6+ Kg7 37. Kg2 d4 38. cxd4 Bc6+ 39. Kg3 Bd5 40.
Bd3 Kxf7 41. Rh2 Bd6 42. Be4 Rg8 43. Rh7+ Kf8 44. Kf3 Rg7 45. Rxg7 Kxg7 46.
Bxd5 exd5 47. Re6 Bf8 48. f5 1-0

[Event "9eme Open International de La Fere"]
[Site "La Fere (FRA)"]
[Date "2010.07.09"]
[Round "8.16"]
[White "Bardoux, Thierry"]
[Black "Brobecker, Alain"]
[Result "1-0"]
[WhiteElo "2169"]
[BlackElo "1767"]
[PlyCount "51"]
[EventDate "2010.??.??"]

1. d4 d6 2. e4 Nf6 3. Nc3 g6 4. f4 Bg7 5. Nf3 c5 6. d5 O-O 7. Be2 Bd7 8. a4 Qa5
9. O-O a6 10. Bd2 c4 11. Be3 Qb4 12. Bd4 Bg4 13. Nd2 Bxe2 14. Qxe2 Rc8 15. e5
dxe5 16. fxe5 Ne8 17. Kh1 Nd7 18. e6 Ndf6 19. exf7+ Kxf7 20. Nce4 h6 21. d6 Rc6
22. Nxf6 exf6 23. Qe7+ Kg8 24. Ne4 f5 25. c3 fxe4 26. cxb4 1-0

[Event "9eme Open International de La Fere"]
[Site "La Fere (FRA)"]
[Date "2010.07.09"]
[Round "8.17"]
[White "Husson, Cybele"]
[Black "Tivol, Thierry"]
[Result "1-0"]
[WhiteElo "2040"]
[BlackElo "1740"]
[PlyCount "51"]
[EventDate "2010.??.??"]

1. e4 c6 2. c4 d5 3. exd5 cxd5 4. cxd5 Nf6 5. Qa4+ Nbd7 6. Bc4 a6 7. Nf3 Rb8 8.
Qc2 b5 9. Bb3 Bb7 10. Nc3 Rc8 11. Qf5 g6 12. Qg5 Nc5 13. O-O Nxb3 14. axb3 Bg7
15. Re1 O-O 16. Qh4 Re8 17. d4 b4 18. Na4 Bxd5 19. Nc5 a5 20. Ne5 Ra8 21. Bh6
Bh8 22. Bg5 Qd6 23. Re3 Be6 24. Nxe6 fxe6 25. Rae1 Nd7 26. Rh3 1-0

[Event "9eme Open International de La Fere"]
[Site "La Fere (FRA)"]
[Date "2010.07.09"]
[Round "8.18"]
[White "Lebon, Joffrey"]
[Black "Oziol, Joris"]
[Result "1-0"]
[WhiteElo "2026"]
[BlackElo "1730"]
[PlyCount "83"]
[EventDate "2010.??.??"]

1. e4 c6 2. d4 d5 3. exd5 cxd5 4. c4 e6 5. Nf3 Nf6 6. Nc3 Bb4 7. Bd2 O-O 8. a3
Be7 9. c5 b6 10. b4 bxc5 11. bxc5 Nc6 12. Bb5 Bb7 13. Bxc6 Bxc6 14. Ne5 Rc8 15.
Rb1 Ne4 16. Nxc6 Rxc6 17. Nxe4 dxe4 18. Qa4 Qa8 19. Be3 Rd8 20. O-O e5 21. dxe5
Bxc5 22. Qxe4 Bxa3 23. Bxa7 Re6 24. Qxa8 Rxa8 25. Bb8 Bc5 26. Rfc1 Rc6 27. Bd6
Rxd6 28. exd6 Bxd6 29. Rc6 Be5 30. g3 g5 31. Rb5 f6 32. Rb7 h5 33. Kg2 Rf8 34.
Ra6 Rf7 35. Raa7 Rxb7 36. Rxb7 Kf8 37. Kf3 Bd6 38. Ke4 Be7 39. Kf5 Kf7 40. h3
h4 41. gxh4 gxh4 42. f3 1-0

[Event "9eme Open International de La Fere"]
[Site "La Fere (FRA)"]
[Date "2010.07.09"]
[Round "8.20"]
[White "Biyidi, Thomas"]
[Black "Pytel, Bozena"]
[Result "0-1"]
[WhiteElo "1789"]
[BlackElo "1964"]
[PlyCount "75"]
[EventDate "2010.??.??"]

1. c4 e5 2. Nc3 d6 3. d3 Nf6 4. Nf3 Nc6 5. g3 Be7 6. Bg2 O-O 7. O-O Bg4 8. a3
Qd7 9. b4 a6 10. Re1 Rab8 11. Bb2 Rbe8 12. b5 axb5 13. Nxb5 Bd8 14. Nd2 h6 15.
a4 Na5 16. Bc3 c6 17. Na3 d5 18. f3 Bh5 19. Nb3 b6 20. Kh1 Nb7 21. Rb1 Bc7 22.
d4 e4 23. c5 Ra8 24. cxb6 Bxb6 25. Nd2 Ba5 26. Bxa5 Nxa5 27. fxe4 dxe4 28. Nac4
Nxc4 29. Nxc4 Qa7 30. Nb6 Rab8 31. Qb3 Ng4 32. Rf1 Qa5 33. Bh3 Ne3 34. Qxe3
Rxb6 35. Qc1 Qxa4 36. Bd7 Rb2 37. g4 g5 38. Rxb2 0-1

[Event "9eme Open International de La Fere"]
[Site "La Fere (FRA)"]
[Date "2010.07.09"]
[Round "8.21"]
[White "Ben Porat, Zeev"]
[Black "Durot, Edwige"]
[Result "1-0"]
[WhiteElo "1956"]
[BlackElo "1721"]
[PlyCount "91"]
[EventDate "2010.??.??"]

1. Nf3 d5 2. d3 Nf6 3. g3 c6 4. Bg2 Nbd7 5. O-O e5 6. Nbd2 Be7 7. c3 O-O 8. Nh4
Nb6 9. e4 dxe4 10. dxe4 g6 11. Qc2 Be6 12. b3 Nfd7 13. Nhf3 Qc7 14. h4 Nf6 15.
c4 c5 16. Ng5 Bg4 17. Nb1 Rad8 18. Nc3 Nh5 19. a4 f6 20. a5 Nc8 21. Nd5 Qd7 22.
Nf3 Nd6 23. Ba3 Rc8 24. Nh2 Be6 25. Rad1 Bxd5 26. Rxd5 b6 27. Rfd1 Ng7 28. Qd2
Rfd8 29. Bf3 Qc6 30. Qh6 Nf7 31. Qd2 Rxd5 32. exd5 Qd6 33. g4 g5 34. h5 Bd8 35.
axb6 axb6 36. Qc2 Qc7 37. Be4 h6 38. Nf1 Nd6 39. Bh7+ Kf8 40. Ng3 Qd7 41. f3
Rc7 42. Qg6 Nf7 43. Nf5 Nxf5 44. Qg8+ Ke7 45. Bxf5 Qd6 46. Be6 1-0

[Event "9eme Open International de La Fere"]
[Site "La Fere (FRA)"]
[Date "2010.07.09"]
[Round "8.22"]
[White "Meunier, Samuel"]
[Black "Gaubert, Virginie"]
[Result "1/2-1/2"]
[WhiteElo "1944"]
[BlackElo "1674"]
[PlyCount "120"]
[EventDate "2010.??.??"]

1. e4 c5 2. Nf3 d6 3. d4 cxd4 4. Nxd4 Nf6 5. Nc3 g6 6. Be2 Bg7 7. O-O Nc6 8.
Be3 O-O 9. Nb3 a6 10. f4 b5 11. Bf3 Bd7 12. e5 Ne8 13. exd6 Nxd6 14. Nd4 Rc8
15. Nxc6 Bxc6 16. Bd4 Nc4 17. Bxg7 Kxg7 18. Qc1 Nd2 19. Rf2 Nxf3+ 20. gxf3 Qd4
21. Kg2 Rfd8 22. Re2 Rd7 23. Ne4 Rcd8 24. c3 Qd5 25. Qe3 Qd3 26. Kf2 Bxe4 27.
fxe4 Qxe3+ 28. Rxe3 Rd2+ 29. Re2 R8d3 30. a4 Rh3 31. Kg2 Rdd3 32. axb5 axb5 33.
Ra5 Rh4 34. Rf2 Rg4+ 35. Kf1 Rd1+ 36. Ke2 Rgg1 37. Rxb5 Rge1+ 38. Kf3 Rd3+ 39.
Kg2 h5 40. Rd5 Rde3 41. Rdd2 h4 42. Rf3 R3e2+ 43. Rxe2 Rxe2+ 44. Rf2 Rxe4 45.
Kh3 Kf6 46. Kxh4 Kf5 47. Kg3 Re3+ 48. Rf3 Re2 49. Rf2 Re3+ 50. Kg2 Ke4 51. Kf1
e6 52. Re2 Kxf4 53. Rxe3 Kxe3 54. b4 Kd2 55. b5 e5 56. b6 e4 57. b7 e3 58. b8=Q
e2+ 59. Kg2 e1=Q 60. Qf4+ Kxc3 1/2-1/2

[Event "9eme Open International de La Fere"]
[Site "La Fere (FRA)"]
[Date "2010.07.09"]
[Round "8.23"]
[White "Vernadet, Cyril"]
[Black "Daniel, Antoine"]
[Result "0-1"]
[WhiteElo "1750"]
[BlackElo "1863"]
[PlyCount "110"]
[EventDate "2010.??.??"]

1. e4 Nf6 2. e5 Nd5 3. Bc4 Nb6 4. Bb3 Nc6 5. Nf3 d6 6. exd6 exd6 7. O-O Be7 8.
d4 O-O 9. d5 Ne5 10. Nxe5 dxe5 11. Be3 Bf5 12. Bxb6 axb6 13. Qf3 g6 14. Nc3 Qd7
15. Rfe1 Bd6 16. Ne4 Bxe4 17. Rxe4 f5 18. Ree1 Rf7 19. c3 Raf8 20. Rxe5 Bxe5
21. d6 Bxd6 22. Qxb7 Kg7 23. Bxf7 Rxf7 24. Qf3 Qb5 25. b4 Qe5 26. g3 Bxb4 27.
Rd1 Qe4 28. Kg2 Qxf3+ 29. Kxf3 f4 30. g4 g5 31. a4 Kf6 32. c4 Ke6 33. Rd5 h6
34. a5 Rd7 35. a6 Re7 36. Rd8 c6 37. Rh8 Ra7 38. Rxh6+ Ke5 39. Rg6 Be7 40. Rxc6
Rxa6 41. Kg2 Ra2 42. Rxb6 Rxf2+ 43. Kxf2 Bc5+ 44. Ke2 Bxb6 45. Kf3 Bd8 46. c5
Kd5 47. h4 Kxc5 48. Ke4 Kd6 49. h5 Ke6 50. Kd4 Bf6+ 51. Ke4 Bg7 52. Kf3 Ke5 53.
Kf2 Ke4 54. Kg2 f3+ 55. Kg3 Be5+ 0-1

[Event "9eme Open International de La Fere"]
[Site "La Fere (FRA)"]
[Date "2010.07.09"]
[Round "8.24"]
[White "Van Poucke, Philippe"]
[Black "Ben Porat, Tal"]
[Result "0-1"]
[WhiteElo "1730"]
[BlackElo "1849"]
[PlyCount "56"]
[EventDate "2010.??.??"]

1. e4 e6 2. b3 d5 3. e5 c5 4. Bb2 Nc6 5. Nf3 Nge7 6. Be2 Bd7 7. Nc3 a6 8. O-O
Ng6 9. Re1 Qc7 10. Bf1 Be7 11. Ne2 O-O 12. d4 cxd4 13. Nexd4 Rac8 14. c4 dxc4
15. Bxc4 Rfd8 16. Rc1 Qb8 17. Re4 Nxd4 18. Nxd4 Bc6 19. Re1 Bd5 20. Bxd5 Rxd5
21. Rxc8+ Qxc8 22. Qh5 Bc5 23. Rd1 Bxd4 24. Bxd4 Qd7 25. Qg4 h5 26. Qe4 Rxe5
27. Qc2 Rd5 28. Qc3 e5 0-1

[Event "9eme Open International de La Fere"]
[Site "La Fere (FRA)"]
[Date "2010.07.09"]
[Round "8.25"]
[White "Huyet, Yannick"]
[Black "Jimenez, Martin"]
[Result "0-1"]
[WhiteElo "1700"]
[BlackElo "1849"]
[PlyCount "36"]
[EventDate "2010.??.??"]

1. e4 c6 2. d4 d5 3. Nc3 dxe4 4. Nxe4 Bf5 5. Ng3 Bg6 6. Nf3 Nd7 7. Bd3 e6 8.
O-O Bd6 9. Re1 Ngf6 10. Ne5 O-O 11. c3 Qc7 12. Nxg6 hxg6 13. Nf1 c5 14. dxc5
Nxc5 15. Re3 Rad8 16. g3 Be7 17. Qe2 Nxd3 18. Rxd3 Qc4 0-1

[Event "9eme Open International de La Fere"]
[Site "La Fere (FRA)"]
[Date "2010.07.09"]
[Round "8.26"]
[White "Nicolas, Christian"]
[Black "Koechler, Thomas"]
[Result "0-1"]
[WhiteElo "1830"]
[BlackElo "1299"]
[PlyCount "66"]
[EventDate "2010.??.??"]

1. e4 e5 2. f4 exf4 3. Nf3 Be7 4. h4 d5 5. exd5 Bg4 6. Be2 Bxf3 7. Bxf3 Bxh4+
8. Kf1 Bg3 9. Qe2+ Ne7 10. Nc3 O-O 11. Ne4 Nf5 12. Bg4 Nd4 13. Qd3 Bh4 14. Qxd4
f5 15. Bf3 fxe4 16. Bxe4 Re8 17. d3 c6 18. Bd2 Qg5 19. Bc3 Re7 20. dxc6 bxc6
21. Qd8+ Kf7 22. Bxc6 Re1+ 23. Bxe1 Qxd8 24. Bxa8 Bf6 25. Rb1 Na6 26. Be4 h6
27. Bf2 Nb4 28. c4 Bd4 29. Bxd4 Qxd4 30. Rh3 g5 31. a3 g4 32. Rxh6 Nxd3 33.
Bd5+ Kg7 0-1

[Event "9eme Open International de La Fere"]
[Site "La Fere (FRA)"]
[Date "2010.??.??"]
[Round "8.27"]
[White "Vernede, Victor"]
[Black "Timmermans, Eric"]
[Result "0-1"]
[WhiteElo "1671"]
[BlackElo "1825"]
[PlyCount "54"]
[EventDate "2010.??.??"]

1. c4 e5 2. Nc3 f5 3. g3 Nf6 4. Bg2 Be7 5. Nf3 d6 6. O-O O-O 7. d3 Qe8 8. Bg5
Nbd7 9. Nd2 c6 10. f4 h6 11. Bxf6 Nxf6 12. e3 Be6 13. fxe5 dxe5 14. Qe2 g5 15.
Bh3 Qd7 16. Rad1 Rad8 17. Nb3 g4 18. Bg2 Qc7 19. d4 e4 20. d5 cxd5 21. cxd5
Nxd5 22. Nd4 Nxc3 23. bxc3 Bc4 24. Qb2 Bxf1 25. Ne6 Rxd1 26. Nxc7 Bc4+ 27. Kf2
Rfd8 0-1

[Event "9eme Open International de La Fere"]
[Site "La Fere (FRA)"]
[Date "2010.07.09"]
[Round "8.28"]
[White "Poulain, Andre"]
[Black "Brugge, Rodolphe"]
[Result "1-0"]
[WhiteElo "1815"]
[BlackElo "1240"]
[PlyCount "63"]
[EventDate "2010.??.??"]

1. e4 e5 2. Nf3 Nc6 3. d4 d6 4. dxe5 dxe5 5. Qxd8+ Nxd8 6. Nxe5 Nf6 7. Bd3 Bd6
8. Nc4 O-O 9. Nxd6 cxd6 10. O-O Nc6 11. Nc3 Re8 12. Bf4 Ne5 13. Nb5 Rd8 14.
Nxd6 Rxd6 15. Bxe5 Rc6 16. Rad1 Be6 17. Bxf6 gxf6 18. c3 a5 19. a4 Rd8 20. e5
fxe5 21. Bxh7+ Kxh7 22. Rxd8 Bf5 23. Rd2 Rg6 24. g3 Bh3 25. Re1 Rg5 26. Re4 Kg6
27. f3 f6 28. g4 f5 29. Rxe5 fxg4 30. Rd6+ Kh5 31. fxg4+ Kxg4 32. Rxg5+ 1-0

[Event "9eme Open International de La Fere"]
[Site "La Fere (FRA)"]
[Date "2010.??.??"]
[Round "8.29"]
[White "Vandervorst, Marc"]
[Black "Barbry, Quentin"]
[Result "1-0"]
[WhiteElo "1865"]
[BlackElo "1565"]
[PlyCount "141"]
[EventDate "2010.??.??"]

1. e4 e5 2. Nf3 Nc6 3. Bc4 Bc5 4. d3 d6 5. h3 Be6 6. Bb3 Nf6 7. Nc3 O-O 8. Be3
Bb6 9. O-O d5 10. Bg5 d4 11. Nd5 Bxd5 12. exd5 Ne7 13. Nxe5 Nexd5 14. Qf3 Re8
15. Ng4 Qd6 16. Nxf6+ Nxf6 17. Bf4 Qc6 18. Qxc6 bxc6 19. Rfe1 Kf8 20. Ba4 Rxe1+
21. Rxe1 c5 22. Bc6 Rd8 23. g4 Nd5 24. Bd2 Nb4 25. Bxb4 cxb4 26. Re4 f6 27. f4
g5 28. fxg5 fxg5 29. Re5 h6 30. Kg2 Kf7 31. Rf5+ Ke6 32. Bb5 c5 33. Bc4+ Ke7
34. Rf7+ Ke8 35. Rf6 Ke7 36. Re6+ Kf8 37. Rxh6 Kg7 38. Re6 Rf8 39. Bd5 Rf6 40.
Re7+ Kf8 41. Rh7 Rg6 42. Be4 Rg7 43. Rh6 Ke7 44. Bf5 Kf7 45. h4 gxh4 46. Rxh4
Rg5 47. Rh8 Kg7 48. Rc8 Kf7 49. Kf3 Kf6 50. Ke4 Ke7 51. Kd5 Kf7 52. Rxc5 Bxc5
53. Kxc5 a5 54. Kb5 Rg8 55. Kxa5 Rb8 56. Ka4 Kf6 57. Kb3 Ke5 58. a3 bxa3+ 59.
Kxa3 Ra8+ 60. Kb3 Rb8+ 61. Ka2 Rb7 62. Kb1 Rc7 63. Kc1 Rb7 64. c3 dxc3 65. bxc3
Kf4 66. Kc2 Ke3 67. d4 Rc7 68. d5 Rc5 69. d6 Rd5 70. d7 Rd6 71. Kb3 1-0

[Event "9eme Open International de La Fere"]
[Site "La Fere (FRA)"]
[Date "2010.07.09"]
[Round "8.30"]
[White "Tawegoum, Ivan"]
[Black "Thomas, Olivier"]
[Result "0-1"]
[WhiteElo "1601"]
[BlackElo "2060"]
[PlyCount "56"]
[EventDate "2010.??.??"]

1. e4 c5 2. Nf3 e6 3. Bc4 a6 4. a4 d5 5. exd5 exd5 6. Be2 Nf6 7. O-O Bd6 8. Re1
O-O 9. d4 h6 10. Nc3 Nc6 11. Be3 c4 12. Qd2 Be6 13. b3 Bb4 14. Rec1 Ne4 15. Qd1
Nxc3 16. Qf1 Nxe2+ 17. Qxe2 cxb3 18. cxb3 Qe7 19. Ne5 Nxe5 20. dxe5 Rac8 21.
Qf3 Bc3 22. Rab1 Bxe5 23. Re1 Qf6 24. Qh5 Bf5 25. Rbd1 d4 26. Bd2 Bc2 27. Rc1
Bf4 28. Bxf4 Qxf4 0-1

[Event "9eme Open International de La Fere"]
[Site "La Fere (FRA)"]
[Date "2010.07.09"]
[Round "8.31"]
[White "Paillard, Maximilien"]
[Black "De Brouwere, Johan"]
[Result "0-1"]
[WhiteElo "1578"]
[BlackElo "1835"]
[PlyCount "76"]
[EventDate "2010.??.??"]

1. d4 d5 2. e3 Nf6 3. Bd3 g6 4. Nd2 Bg7 5. f4 O-O 6. Ngf3 c5 7. c3 Nc6 8. O-O
Ng4 9. Qe1 f6 10. dxc5 e5 11. e4 dxe4 12. Bc4+ Kh8 13. Nxe4 Na5 14. Bb3 Nxb3
15. axb3 f5 16. Nd6 e4 17. Ng5 Qc7 18. b4 h6 19. Nh3 a5 20. Be3 Nxe3 21. Qxe3
Be6 22. Qe2 axb4 23. cxb4 b6 24. Nb5 Qc6 25. Rfd1 Rxa1 26. Rxa1 bxc5 27. Rc1 c4
28. Na3 Qb6+ 29. Nf2 Qxb4 30. Nd1 Rd8 31. Rc2 Qd6 32. Nf2 Qb4 33. Nd1 Bd4+ 34.
Kf1 Ba7 35. Ne3 Qb6 36. Rc3 Rd3 37. Nac2 Qxb2 38. Ra3 Rxa3 0-1

[Event "9eme Open International de La Fere"]
[Site "La Fere (FRA)"]
[Date "2010.07.09"]
[Round "8.32"]
[White "Jean, Robert"]
[Black "Dernoncourt, Christophe"]
[Result "0-1"]
[WhiteElo "1832"]
[BlackElo "1706"]
[PlyCount "118"]
[EventDate "2010.??.??"]

1. c4 e5 2. g3 Nf6 3. Bg2 Bc5 4. Nc3 Nc6 5. Nf3 d6 6. O-O O-O 7. d3 h6 8. a3 a5
9. e3 Bg4 10. h3 Be6 11. b3 Bd7 12. d4 exd4 13. exd4 Ba7 14. Bb2 Qc8 15. Kh2
Ne7 16. Qd2 Re8 17. Rae1 c6 18. Rc1 d5 19. Ne5 Be6 20. c5 Bb8 21. f4 Nd7 22.
Rce1 Nxe5 23. fxe5 Ng6 24. Bc1 Bc7 25. Qf2 Rf8 26. Qc2 b6 27. Na4 b5 28. Nb2
Bd8 29. Nd3 Bf5 30. g4 Be6 31. Be3 f5 32. exf6 Bxf6 33. Re2 Bf7 34. Ne1 Qc7+
35. Kh1 Rae8 36. Bg1 Rxe2 37. Qxe2 Re8 38. Qd3 Nh4 39. Nf3 Qg3 40. Rf2 Nxg2 41.
Rxg2 Qxh3+ 42. Bh2 Bh4 43. Qd1 Re3 44. Ng1 Re1 45. Qxe1 Qxg2+ 46. Kxg2 Bxe1 47.
Nf3 Bc3 48. Be5 Bb2 49. a4 bxa4 50. bxa4 Bg6 51. Nh4 Be4+ 52. Kf2 g5 53. Nf5
Bxf5 54. gxf5 Kf7 55. Kf3 h5 56. f6 Bc1 57. Kg3 Bf4+ 58. Kh3 Bxe5 59. dxe5 d4
0-1

[Event "9eme Open International de La Fere"]
[Site "La Fere (FRA)"]
[Date "2010.07.09"]
[Round "8.33"]
[White "Van Foreest, Jorden"]
[Black "Herman, Jose"]
[Result "1-0"]
[WhiteElo "1819"]
[BlackElo "1640"]
[PlyCount "94"]
[EventDate "2010.??.??"]

1. e4 e5 2. Nf3 d6 3. d4 exd4 4. Qxd4 Nf6 5. Bc4 Be7 6. Nc3 O-O 7. Bf4 Nc6 8.
Qd2 b6 9. O-O-O Bb7 10. g4 Na5 11. Bd3 Re8 12. g5 Nd7 13. h4 Nc6 14. h5 Nce5
15. Nxe5 Nxe5 16. g6 fxg6 17. Bxe5 dxe5 18. Bc4+ Kh8 19. Qe2 Bg5+ 20. Kb1 Qf6
21. hxg6 Qxg6 22. Rdg1 Qf6 23. Nb5 Re7 24. Rh5 Bf4 25. Nc3 a6 26. Rf5 Qd6 27.
Bxa6 Bxa6 28. Qxa6 Ree8 29. Qc4 c6 30. Ne2 Bh6 31. Rh5 Qd8 32. a3 b5 33. Qc3 c5
34. Ng3 Qd2 35. Qxc5 Rac8 36. Rxe5 Rf8 37. Rf5 Rce8 38. Qb4 Qxc2+ 39. Ka1 g6
40. Qd4+ Bg7 41. Rf6 Rc8 42. Qd7 Rce8 43. Nh5 Rg8 44. Nxg7 Rxg7 45. Qd5 Rb8 46.
Qd6 Rc8 47. Rd1 Qc7 1-0